| 000 | 00642nam a2200229 i 4500 | ||
|---|---|---|---|
| 001 | bg | ||
| 100 | 1 | _aTUSTANOWSKA-KAMROWSKA, Krystyna | |
| 245 | 1 | 0 |
_aTechniki komputerowe bez stresu i lęku : _bćwiczenia / _cKrystyna Tustanowska-Kamrowska. |
| 260 |
_aPoznań : _bWydaw. Politechniki Poznańskiej, _c2003. |
||
| 300 |
_a117 s. : _bil. ; _c24 cm. |
||
| 650 | 9 | _aExcel | |
| 650 | 9 | _aWindows | |
| 650 | 9 | _aWord | |
| 655 | _aPodręczniki | ||
| 020 | _a8371435509 | ||
| 040 | _cBPK | ||
| 041 | 0 | _apol | |
| 080 | _a004.451:004.4'232:004.42](07) | ||
| 920 | _a83-7143-550-9 | ||
| 942 | _cKS | ||
| 008 | s pl f |000 0 pol | ||
| 999 |
_c43635 _d43635 |
||